| 000 | 00614nam a2200217 a 4500 | ||
|---|---|---|---|
| 001 | 5086 | ||
| 003 | CDMR | ||
| 005 | 20131129140756.0 | ||
| 008 | 130130s1972||||||||||||||||||||||||||||d | ||
| 020 | _a8433920030 | ||
| 040 |
_aCDMR _bcat _cCDMR |
||
| 245 | 0 | 3 |
_aLa semiótica _b: guía alfabética _cbajo la dirección de Max Bense y Elisabeth Walther |
| 260 |
_aBarcelona _c1972 _bAnagrama |
||
| 300 | _a211 p. | ||
| 490 | 0 |
_aGuias Alfabéticas _v3 |
|
| 650 | 0 | 4 |
_91282 _aSemiòtica |
| 650 | 0 | 4 |
_93463 _aComunicació _xDiccionaris |
| 700 | 1 |
_9976 _aBense, Max |
|
| 700 | 1 |
_94419 _aWalther, Elisabeth |
|
| 942 |
_cMON _2udc |
||
| 999 |
_c5086 _d5086 |
||